[Event "NED-chT 1718"]
[Site "Netherlands"]
[Date "2017.11.25"]
[Round "4.8"]
[White "Versteeg, Henny"]
[Black "Van Assendelft, Floris"]
[Result "0-1"]
[WhiteElo "2004"]
[BlackElo "2335"]
[PlyCount "75"]
[EventDate "2017.09.16"]
[EventType "team-tourn"]
[EventRounds "9"]
[EventCountry "NED"]
[SourceTitle "CBM 181 Extra"]
[Source "ChessBase"]
[SourceDate "2017.12.12"]
[SourceVersion "1"]
[SourceVersionDate "2017.12.12"]
[SourceQuality "1"]
[WhiteTeam "Rotterdam Pathena"]
[BlackTeam "SISSA"]
[WhiteTeamCountry "NED"]
[BlackTeamCountry "NED"]

1. d4 Nf6 2. c4 c5 3. d5 b5 4. cxb5 a6 5. bxa6 g6 6. Nc3 Bg7 7. f4 Bxa6 8. Nf3 0-0 9. e4 Bxf1 10. Rxf1 d6 11. e5 dxe5 12. fxe5 Nfd7 13. e6 Nb6 14. exf7+ Rxf7 15. Ng5 Rxf1+ 16. Kxf1 Qd6 17. Kg1 Bd4+ 18. Kh1 Bxc3 19. bxc3 Qxd5 20. Qe1 Nc6 21. Be3 h6 22. Nf3 Kg7 23. Qh4 g5 24. Qf2 Nd7 25. Qe2 Nf6 26. Bg1 Ra3 27. c4 Qe4 28. Qb2 Ra4 29. Bxc5 Qxc4 30. Bg1 Rb4 31. Qd2 Qb5 32. Nd4 Nxd4 33. Bxd4 e5 34. Bg1 Rb2 35. Qd6 Qe2 36. Qc7+ Kg6 37. Qc6 e4 38. Qc7 0-1

[Event "Leiden Noteboom Memorial 77th"]
[Site "Leiden"]
[Date "2017.02.26"]
[Round "6"]
[White "Fedorchuk, Sergey A"]
[Black "Van Assendelft, Floris"]
[Result "1-0"]
[WhiteElo "2623"]
[BlackElo "2329"]
[PlyCount "59"]
[EventDate "2017.02.24"]
[EventType "swiss"]
[EventRounds "6"]
[EventCountry "NED"]
[SourceTitle "CBM 177 Extra"]
[Source "ChessBase"]
[SourceDate "2017.04.27"]
[SourceVersion "1"]
[SourceVersionDate "2017.04.27"]
[SourceQuality "1"]

1. e4 c5 2. Nf3 e6 3. d4 cxd4 4. Nxd4 a6 5. Be2 Nf6 6. Nc3 d6 7. f4 Be7 8. 0-0 Nc6 9. Kh1 Qc7 10. Be3 0-0 11. Qe1 e5 12. fxe5 dxe5 13. Qg3 Bd8 14. Nb3 Kh8 15. Rad1 Be6 16. Nc5 Be7 17. Nd5 Bxd5 18. exd5 Nb4 19. Rxf6 Bxf6 20. d6 Qd8 21. c3 Nc6 22. Bf3 Rb8 23. Qh3 Rg8 24. Nd7 Ra8 25. Qf5 Bh4 26. Bxc6 g6 27. Qxe5+ f6 28. Qd4 bxc6 29. Qxh4 g5 30. Qg4 1-0

[Event "NED-chT 1617"]
[Site "Netherlands"]
[Date "2016.10.08"]
[Round "2.10"]
[White "Besseling, Michiel"]
[Black "Van Assendelft, Floris"]
[Result "0-1"]
[WhiteElo "2202"]
[BlackElo "2320"]
[PlyCount "54"]
[EventDate "2016.09.17"]
[EventType "team-tourn"]
[EventRounds "9"]
[EventCountry "NED"]
[SourceTitle "EXT 2017"]
[Source "ChessBase"]
[SourceDate "2016.10.25"]
[SourceVersion "1"]
[SourceVersionDate "2016.10.25"]
[SourceQuality "1"]
[WhiteTeam "Rotterdam Pathena"]
[BlackTeam "SISSA"]
[WhiteTeamCountry "NED"]
[BlackTeamCountry "NED"]

1. d4 Nf6 2. c4 c5 3. d5 b5 4. Nf3 g6 5. cxb5 a6 6. Qc2 d6 7. e4 Bg7 8. Nc3 0-0 9. a4 e6 10. dxe6 Bxe6 11. Be2 axb5 12. Bxb5 d5 13. exd5 Nxd5 14. Nxd5 Qxd5 15. 0-0 Nc6 16. Rd1 Nb4 17. Qe2 Qh5 18. Ra3 Qf5 19. Ne1 Bd5 20. Nd3 Nc6 21. Be3 Nd4 22. Bxd4 Bxd4 23. Ne1 Be4 24. Bd3 Rae8 25. Bxe4 Rxe4 26. Qf3 Rfe8 27. Kf1 Rf4 0-1

[Event "Groningen Compact-A"]
[Site "Groningen"]
[Date "2015.12.28"]
[Round "3"]
[White "Balje, Jan"]
[Black "Van Assendelft, Floris"]
[Result "0-1"]
[WhiteElo "2204"]
[BlackElo "2377"]
[PlyCount "54"]
[EventDate "2015.12.26"]
[EventType "swiss"]
[EventRounds "5"]
[EventCountry "NED"]
[SourceTitle "CBM 170 Extra"]
[Source "ChessBase"]
[SourceDate "2016.02.25"]
[SourceVersion "1"]
[SourceVersionDate "2016.02.25"]
[SourceQuality "1"]

1. d4 e6 2. c4 b6 3. e4 Bb7 4. Bd3 Nc6 5. Ne2 Nb4 6. Nbc3 Nxd3+ 7. Qxd3 g6 8. 0-0 Bg7 9. d5 Ne7 10. Be3 0-0 11. Rad1 d6 12. f4 Qd7 13. Ng3 f5 14. exf5 Nxf5 15. Nxf5 Rxf5 16. Bd4 exd5 17. Nxd5 Bxd5 18. cxd5 Rxd5 19. Qf3 Bxd4+ 20. Rxd4 Rxd4 21. Qxa8+ Kg7 22. Qxa7 Qc6 23. Qa3 Rd2 24. Qg3 Rxb2 25. f5 Qc5+ 26. Kh1 Qb5 27. Qc3+ Kg8 0-1

[Event "Groningen Compact-A"]
[Site "Groningen"]
[Date "2015.12.27"]
[Round "2"]
[White "Van Assendelft, Floris"]
[Black "Bakels, Anton"]
[Result "0-1"]
[WhiteElo "2377"]
[BlackElo "2064"]
[PlyCount "49"]
[EventDate "2015.12.26"]
[EventType "swiss"]
[EventRounds "5"]
[EventCountry "NED"]
[SourceTitle "CBM 170 Extra"]
[Source "ChessBase"]
[SourceDate "2016.02.25"]
[SourceVersion "1"]
[SourceVersionDate "2016.02.25"]
[SourceQuality "1"]

1. e4 d6 2. d4 Nf6 3. Nc3 e5 4. Nf3 Nbd7 5. a4 a5 6. Bc4 Be7 7. dxe5 dxe5 8. Bxf7+ Kxf7 9. Ng5+ Kg6 10. Ne6 Qg8 11. Nxc7 Rb8 12. f4 Qc4 13. N7b5 Nxe4 14. Qg4+ Kf7 15. fxe5 Ndf6 16. Qf4 Bb4 17. exf6 Re8 18. Qc7+ Qxc7 19. Nxc7 Bg4 20. Nxe8 Rxe8 21. 0-0 Bc5+ 22. Kh1 Ng3+ 23. hxg3 Re5 24. fxg7+ Kxg7 25. Ne4 0-1

[Event "Oberliga NRW 1516"]
[Site "Germany"]
[Date "2015.09.27"]
[Round "1.5"]
[White "Van Assendelft, Floris"]
[Black "Huhndorf, Arnold"]
[Result "1-0"]
[WhiteElo "2343"]
[BlackElo "2220"]
[PlyCount "57"]
[EventDate "2015.09.27"]
[EventType "team-tourn"]
[EventRounds "9"]
[EventCountry "GER"]
[SourceTitle "EXT 2017"]
[Source "ChessBase"]
[SourceDate "2016.10.25"]
[SourceVersion "1"]
[SourceVersionDate "2016.10.25"]
[SourceQuality "1"]
[WhiteTeam "Duesseldorf"]
[BlackTeam "Wuerselen"]
[WhiteTeamCountry "GER"]
[BlackTeamCountry "GER"]

1. e4 c5 2. Nf3 Nc6 3. d4 cxd4 4. Nxd4 g6 5. Nc3 Bg7 6. Nb3 Nf6 7. Be2 0-0 8. 0-0 d6 9. Re1 a6 10. Bf1 b5 11. a4 b4 12. Nd5 e6 13. Nxf6+ Bxf6 14. f4 e5 15. f5 gxf5 16. exf5 Bxf5 17. Qf3 Bxc2 18. Bh6 Re8 19. Bc4 Bxb3 20. Bxb3 Nd4 21. Qg4+ Kh8 22. Bxf7 Re7 23. Bd5 Rc8 24. Rf1 Rec7 25. Rf2 Bg7 26. Qh5 Qe8 27. Qh3 Bxh6 28. Qxh6 Qg6 29. Rf8+ 1-0

[Event "NED-chT 1516"]
[Site "Netherlands"]
[Date "2015.09.26"]
[Round "1.10"]
[White "Besseling, Michiel"]
[Black "Van Assendelft, Floris"]
[Result "0-1"]
[WhiteElo "2215"]
[BlackElo "2362"]
[PlyCount "45"]
[EventDate "2015.09.26"]
[EventType "team-tourn"]
[EventRounds "9"]
[EventCountry "NED"]
[SourceTitle "EXT 2016"]
[Source "ChessBase"]
[SourceDate "2015.10.08"]
[SourceVersion "1"]
[SourceVersionDate "2015.10.08"]
[SourceQuality "1"]
[WhiteTeam "Rotterdam Pathena"]
[BlackTeam "SISSA"]
[WhiteTeamCountry "NED"]
[BlackTeamCountry "NED"]

1. d4 Nf6 2. c4 c5 3. d5 b5 4. Nf3 g6 5. Qc2 Bg7 6. e4 0-0 7. cxb5 e6 8. d6 Bb7 9. Nc3 a6 10. Nd2 Ne8 11. Nc4 axb5 12. Nxb5 Nc6 13. Bd3 Ba6 14. Qa4 Qb8 15. Nc7 Nxc7 16. dxc7 Qb4+ 17. Qxb4 Nxb4 18. Be2 Nc2+ 19. Kd1 Bxc4 20. Kxc2 Bxe2 21. Be3 Rfc8 22. Bxc5 Rxc7 23. b4 0-1

[Event "Rotterdam Pathena op"]
[Site "Rotterdam"]
[Date "2015.05.06"]
[Round "5"]
[White "Van Assendelft, Floris"]
[Black "Hofstee, Piet"]
[Result "1-0"]
[WhiteElo "2353"]
[BlackElo "1633"]
[PlyCount "101"]
[EventDate "2015.05.02"]
[EventType "swiss"]
[EventRounds "7"]
[EventCountry "NED"]
[SourceTitle "CBM 166 Extra"]
[Source "ChessBase"]
[SourceDate "2015.06.18"]
[SourceVersion "1"]
[SourceVersionDate "2015.06.18"]
[SourceQuality "1"]

1. e4 d5 2. exd5 Qxd5 3. Nf3 a6 4. d4 g6 5. c4 Qd8 6. h3 Bg7 7. Nc3 c5 8. dxc5 Bxc3+ 9. bxc3 Qxd1+ 10. Kxd1 Bd7 11. Be3 f6 12. Rb1 e5 13. Rxb7 Bc6 14. Rb6 Ne7 15. Rb2 Nd7 16. Be2 Nf5 17. Kc1 0-0-0 18. Rd1 Nxe3 19. fxe3 Nxc5 20. Rbd2 Rxd2 21. Rxd2 Ne4 22. Rb2 Kc7 23. Rb3 Rd8 24. Ne1 Ng3 25. Bf3 e4 26. Bd1 Ba4 27. Nc2 Bxb3 28. axb3 Rd3 29. Nb4 Rd6 30. c5 Re6 31. Nd5+ Kc6 32. Nf4 Re5 33. b4 g5 34. Ne2 Nxe2+ 35. Bxe2 Kb7 36. Kd2 Rd5+ 37. Kc2 Re5 38. Kb3 f5 39. Kc4 f4 40. Kd4 Re7 41. Bc4 fxe3 42. Bd5+ Kc7 43. Kxe3 h6 44. Bxe4 Kd7 45. Kd4 Kc7 46. c4 Re6 47. b5 a5 48. b6+ Kb8 49. c6 a4 50. c7+ Kc8 51. Bf5 1-0

[Event "Rotterdam Pathena op"]
[Site "Rotterdam"]
[Date "2015.05.03"]
[Round "2"]
[White "Ganguly, Sumit"]
[Black "Van Assendelft, Floris"]
[Result "0-1"]
[WhiteElo "1642"]
[BlackElo "2353"]
[PlyCount "54"]
[EventDate "2015.05.02"]
[EventType "swiss"]
[EventRounds "7"]
[EventCountry "NED"]
[SourceTitle "CBM 166 Extra"]
[Source "ChessBase"]
[SourceDate "2015.06.18"]
[SourceVersion "1"]
[SourceVersionDate "2015.06.18"]
[SourceQuality "1"]

1. e4 c5 2. Nf3 e6 3. d4 cxd4 4. Nxd4 a6 5. Be3 Nf6 6. Bd3 e5 7. Nf3 d5 8. Nxe5 dxe4 9. Nxf7 Kxf7 10. Bc4+ Ke8 11. Bf7+ Kxf7 12. Qxd8 Bb4+ 13. Qd2 Bxd2+ 14. Nxd2 Nc6 15. c3 Rd8 16. h3 Be6 17. 0-0 Rd3 18. Nb3 Bxb3 19. axb3 Nd5 20. Bc5 b6 21. Ba3 Na5 22. Rad1 Nxb3 23. Rxd3 exd3 24. Rd1 d2 25. Bd6 Rd8 26. Be5 Re8 27. f4 Nxf4 0-1

[Event "Oberliga NRW 1415"]
[Site "Germany"]
[Date "2015.04.26"]
[Round "9.5"]
[White "Van Assendelft, Floris"]
[Black "Buckels, Valentin"]
[Result "1-0"]
[WhiteElo "2320"]
[BlackElo "2144"]
[PlyCount "115"]
[EventDate "2014.09.14"]
[EventType "team-tourn"]
[EventRounds "9"]
[EventCountry "GER"]
[SourceTitle "EXT 2017"]
[Source "ChessBase"]
[SourceDate "2016.10.25"]
[SourceVersion "1"]
[SourceVersionDate "2016.10.25"]
[SourceQuality "1"]
[WhiteTeam "Duesseldorf"]
[BlackTeam "Muelheim Nord II"]
[WhiteTeamCountry "GER"]
[BlackTeamCountry "GER"]

1. e4 e5 2. Nf3 Nc6 3. Be2 Nf6 4. d3 d5 5. Nbd2 dxe4 6. dxe4 Bc5 7. 0-0 Qe7 8. c3 0-0 9. b4 Bd6 10. Qc2 Be6 11. Nc4 Bxc4 12. Bxc4 Nd8 13. Nh4 g6 14. g3 Ne6 15. Bh6 Rfe8 16. Rae1 a5 17. a3 axb4 18. axb4 Nh5 19. Qe2 Nhg7 20. f4 Nxf4 21. Qg4 Nfe6 22. Nf5 gxf5 23. exf5 f6 24. fxe6 Kh8 25. Qh4 Rf8 26. Bxg7+ Qxg7 27. Rf5 Ra3 28. Rc1 Be7 29. Qe4 Qh6 30. Rc2 c6 31. Be2 Qg6 32. Bd3 Rd8 33. Kg2 Ra1 34. Qe2 Bf8 35. Be4 Qg7 36. Rh5 h6 37. Rd2 Raa8 38. Bf5 Qe7 39. Rd7 Rxd7 40. exd7 Rd8 41. Qd3 Qf7 42. Rh4 Qa2+ 43. Kh3 Qd5 44. Qe3 Rxd7 45. Bxd7 Qxd7+ 46. g4 Bg7 47. Rxh6+ Bxh6 48. Qxh6+ Kg8 49. Qg6+ Kf8 50. Qxf6+ Kg8 51. Qg5+ Kf7 52. Qf5+ Qxf5 53. gxf5 Kf6 54. Kg4 b5 55. h3 Ke7 56. Kf3 Kf7 57. Ke4 Kf6 58. h4 1-0

[Event "NED-chT 1415"]
[Site "Netherlands"]
[Date "2015.03.07"]
[Round "6.8"]
[White "Den Hartog, Marijn"]
[Black "Van Assendelft, Floris"]
[Result "0-1"]
[WhiteElo "2147"]
[BlackElo "2363"]
[PlyCount "62"]
[EventDate "2014.09.27"]
[EventType "team-tourn"]
[EventRounds "9"]
[EventCountry "NED"]
[SourceTitle "EXT 2016"]
[Source "ChessBase"]
[SourceDate "2015.10.08"]
[SourceVersion "1"]
[SourceVersionDate "2015.10.08"]
[SourceQuality "1"]
[WhiteTeam "Rotterdam"]
[BlackTeam "SISSA"]
[WhiteTeamCountry "NED"]
[BlackTeamCountry "NED"]

1. e4 c5 2. Nf3 d6 3. d4 Nf6 4. Nc3 cxd4 5. Nxd4 a6 6. f4 e6 7. Qf3 Qb6 8. Nb3 Qc7 9. g4 b5 10. g5 Nfd7 11. Bd3 Nc6 12. Bd2 Nc5 13. Ne2 Be7 14. Ned4 Nxd4 15. Nxd4 0-0 16. 0-0-0 Bb7 17. f5 e5 18. Ne2 d5 19. Ng3 Nxd3+ 20. Qxd3 dxe4 21. Nxe4 Rfd8 22. Qe3 Rd4 23. Nf6+ gxf6 24. gxf6 Bxf6 25. Qh6 Qe7 26. Rhg1+ Kh8 27. a3 Rad8 28. Rg3 Be4 29. Rdg1 Bxf5 30. Bg5 Bg6 31. Be3 Rh4 0-1

[Event "Oberliga NRW 1415"]
[Site "Germany"]
[Date "2014.11.16"]
[Round "3.5"]
[White "Stillger, Bernhard"]
[Black "Van Assendelft, Floris"]
[Result "1-0"]
[WhiteElo "2193"]
[BlackElo "2324"]
[PlyCount "63"]
[EventDate "2014.09.14"]
[EventType "team-tourn"]
[EventRounds "9"]
[EventCountry "GER"]
[SourceTitle "EXT 2017"]
[Source "ChessBase"]
[SourceDate "2016.10.25"]
[SourceVersion "1"]
[SourceVersionDate "2016.10.25"]
[SourceQuality "1"]
[WhiteTeam "Dinslaken"]
[BlackTeam "Duesseldorf"]
[WhiteTeamCountry "GER"]
[BlackTeamCountry "GER"]

1. d4 Nf6 2. c4 g6 3. Nc3 Bg7 4. e4 0-0 5. Nf3 d6 6. Be2 e5 7. dxe5 dxe5 8. Qxd8 Rxd8 9. Bg5 Re8 10. Nd5 Nxd5 11. cxd5 c6 12. Bc4 cxd5 13. Bxd5 Nd7 14. 0-0-0 Nc5 15. Be3 Bf8 16. Kb1 Bg4 17. Rc1 Bxf3 18. gxf3 Rac8 19. Rc3 b6 20. Rhc1 a5 21. a3 a4 22. Rc4 Rc7 23. Rxa4 Bd6 24. Rac4 Ra7 25. b4 Ne6 26. Rc8 Kf8 27. Bxe6 fxe6 28. Kb2 Rb7 29. R8c6 Ke7 30. Rxb6 Rc7 31. Rd1 Rd7 32. Rbxd6 1-0

[Event "Leiden op-A 8th"]
[Site "Leiden"]
[Date "2014.07.17"]
[Round "6"]
[White "Van Assendelft, Floris"]
[Black "Thakoerdien, Jerrel"]
[Result "1/2-1/2"]
[WhiteElo "2380"]
[BlackElo "2115"]
[PlyCount "89"]
[EventDate "2014.07.11"]
[EventType "swiss"]
[EventRounds "9"]
[EventCountry "NED"]
[SourceTitle "CBM 161 Extra"]
[Source "ChessBase"]
[SourceDate "2014.08.29"]
[SourceVersion "1"]
[SourceVersionDate "2014.08.29"]
[SourceQuality "1"]

1. d4 Nf6 2. Bg5 Ne4 3. Bf4 c5 4. f3 Qa5+ 5. c3 Nf6 6. d5 d6 7. e4 g6 8. Nd2 Nbd7 9. b4 Qc7 10. Nh3 Bg7 11. Rc1 Nh5 12. Be3 0-0 13. g4 Nhf6 14. Nf4 Ne5 15. Nc4 Nfd7 16. Nxe5 Nxe5 17. bxc5 dxc5 18. Be2 Bd7 19. c4 Rfc8 20. 0-0 Qa5 21. Nd3 Nxd3 22. Bxd3 Qxa2 23. f4 b5 24. e5 Qa6 25. Qe2 b4 26. Bd2 Be8 27. Rf2 f6 28. h4 Qb6 29. h5 a5 30. hxg6 hxg6 31. f5 g5 32. d6 a4 33. dxe7 a3 34. Be4 Bf7 35. e6 Be8 36. Qf3 Ra7 37. Qh3 b3 38. Kg2 Rxe7 39. Bxg5 Bc6 40. Bf3 fxg5 41. Rh1 Bf6 42. Qh6 Rf8 43. Qg6+ Rg7 44. Qh6 Re7 45. Qg6+ 1/2-1/2

[Event "Leiden op-A 8th"]
[Site "Leiden"]
[Date "2014.07.12"]
[Round "2"]
[White "Van der Togt, Twan"]
[Black "Van Assendelft, Floris"]
[Result "0-1"]
[WhiteElo "2013"]
[BlackElo "2380"]
[PlyCount "60"]
[EventDate "2014.07.11"]
[EventType "swiss"]
[EventRounds "9"]
[EventCountry "NED"]
[SourceTitle "CBM 161 Extra"]
[Source "ChessBase"]
[SourceDate "2014.08.29"]
[SourceVersion "1"]
[SourceVersionDate "2014.08.29"]
[SourceQuality "1"]

1. e4 c5 2. Nf3 e6 3. d4 cxd4 4. Nxd4 a6 5. Nc3 b5 6. Bd3 Qb6 7. Nf3 d6 8. a4 b4 9. a5 Qc7 10. Na4 Nd7 11. Be3 Ngf6 12. Nb6 Nxb6 13. Bxb6 Qc6 14. Qe2 Bb7 15. Nd4 Qc8 16. 0-0 d5 17. e5 Nd7 18. Nxe6 fxe6 19. Qh5+ Ke7 20. Be3 Nc5 21. Rac1 Kd7 22. f4 Qe8 23. Qe2 g6 24. c4 d4 25. Rcd1 Kc7 26. Bxd4 Rd8 27. Bc2 Be7 28. Rfe1 Qc6 29. Qf2 Bh4 30. g3 Qh1# 0-1

[Event "Terre degli Elimi op 4th"]
[Site "Erice"]
[Date "2013.07.28"]
[Round "7"]
[White "Adrian, Claude"]
[Black "Van Assendelft, Floris"]
[Result "1/2-1/2"]
[WhiteElo "2221"]
[BlackElo "2381"]
[PlyCount "50"]
[EventDate "2013.07.24"]
[EventType "swiss"]
[EventRounds "7"]
[EventCountry "ITA"]
[SourceTitle "EXT 2015"]
[Source "ChessBase"]
[SourceDate "2014.11.20"]
[SourceVersion "1"]
[SourceVersionDate "2014.11.20"]
[SourceQuality "1"]

1. Nf3 Nf6 2. c4 g6 3. g3 Bg7 4. Bg2 0-0 5. d4 c5 6. Nc3 d6 7. 0-0 Nc6 8. dxc5 dxc5 9. Be3 Ng4 10. Qxd8 Rxd8 11. Bxc5 Be6 12. h3 Nh6 13. Nd5 Bxd5 14. cxd5 Rxd5 15. Ba3 Rad8 16. Rac1 Rb5 17. Rfd1 Rxd1+ 18. Rxd1 Kf8 19. Ne1 Ke8 20. Nd3 Nd4 21. e3 Ne6 22. Rc1 Kd8 23. Rd1 Ke8 24. Rc1 Kd8 25. Rd1 Ke8 1/2-1/2

[Event "Terre degli Elimi op 4th"]
[Site "Erice"]
[Date "2013.07.25"]
[Round "3"]
[White "Stirpe, Claudio"]
[Black "Van Assendelft, Floris"]
[Result "1/2-1/2"]
[WhiteElo "2029"]
[BlackElo "2381"]
[PlyCount "113"]
[EventDate "2013.07.24"]
[EventType "swiss"]
[EventRounds "7"]
[EventCountry "ITA"]
[SourceTitle "EXT 2015"]
[Source "ChessBase"]
[SourceDate "2014.11.20"]
[SourceVersion "1"]
[SourceVersionDate "2014.11.20"]
[SourceQuality "1"]

1. d4 Nf6 2. c4 c5 3. d5 b5 4. cxb5 a6 5. e3 Bb7 6. Nc3 e6 7. e4 axb5 8. Bxb5 Qa5 9. Qe2 Be7 10. Bd2 Qb6 11. Bc4 0-0 12. Nf3 exd5 13. exd5 Na6 14. Bf4 Rfe8 15. 0-0 Bd6 16. Be3 Bf4 17. Qd2 Bxe3 18. fxe3 Qd6 19. Rae1 Ne4 20. Nxe4 Rxe4 21. Bd3 Re7 22. e4 c4 23. Bxc4 Rae8 24. e5 Qc5+ 25. Qd4 Qxd4+ 26. Nxd4 Rxe5 27. Rxe5 Rxe5 28. d6 Nc5 29. Bxf7+ Kh8 30. Bh5 g6 31. Bf3 Bxf3 32. Rxf3 Rd5 33. Nb5 Na4 34. Nc3 Nxc3 35. Rxc3 Kg7 36. Rc2 Rxd6 37. b4 Rd1+ 38. Kf2 Rb1 39. a3 Kf6 40. Re2 h5 41. h3 Kf5 42. Ra2 Ke4 43. Re2+ Kf5 44. Rd2 Rb3 45. Ra2 Ke4 46. Ke2 Kd4 47. Kd2 Rg3 48. Kc1 Kc4 49. h4 Kb3 50. Rd2 Kxa3 51. b5 Rb3 52. Rxd7 Rxb5 53. Rd6 g5 54. hxg5 Rxg5 55. Rd2 Kb3 56. Kd1 Kc3 57. Re2 1/2-1/2

[Event "Terre degli Elimi op 4th"]
[Site "Erice"]
[Date "2013.07.25"]
[Round "2"]
[White "Van Assendelft, Floris"]
[Black "Kampman, Tijmen"]
[Result "1-0"]
[WhiteElo "2381"]
[BlackElo "2094"]
[PlyCount "71"]
[EventDate "2013.07.24"]
[EventType "swiss"]
[EventRounds "7"]
[EventCountry "ITA"]
[SourceTitle "EXT 2015"]
[Source "ChessBase"]
[SourceDate "2014.11.20"]
[SourceVersion "1"]
[SourceVersionDate "2014.11.20"]
[SourceQuality "1"]

1. e4 e6 2. d4 d5 3. e5 c5 4. c3 Nc6 5. Nf3 Bd7 6. Be2 Rc8 7. 0-0 a6 8. Nbd2 Nh6 9. dxc5 Ng4 10. c4 Ncxe5 11. cxd5 Bxc5 12. dxe6 Bxe6 13. h3 Nxf2 14. Rxf2 Nxf3+ 15. Nxf3 Qb6 16. Qa4+ Rc6 17. Qh4 Bd5 18. b4 Bxf2+ 19. Qxf2 Qxb4 20. Nd4 Rg6 21. Qe3+ Kd8 22. Ba3 Qa5 23. Rc1 Re8 24. Rc8+ Kxc8 25. Qxe8+ Kc7 26. Qe7+ Kb8 27. Bd6+ Ka7 28. Bc5+ Kb8 29. Bd6+ Ka7 30. Bc5+ Kb8 31. Qe5+ Kc8 32. Qxd5 Qe1+ 33. Bf1 Qe3+ 34. Kh1 Rf6 35. Nf3 Qc1 36. Kg1 1-0

[Event "Groningen op-A 50th"]
[Site "Groningen"]
[Date "2012.12.24"]
[Round "4"]
[White "Lee, Kai Jie Edward"]
[Black "Van Assendelft, Floris"]
[Result "1-0"]
[WhiteElo "2165"]
[BlackElo "2403"]
[PlyCount "57"]
[EventDate "2012.12.21"]
[EventType "swiss"]
[EventRounds "9"]
[EventCountry "NED"]
[SourceTitle "CBM 152 Extra"]
[Source "ChessBase"]
[SourceDate "2013.02.25"]
[SourceVersion "1"]
[SourceVersionDate "2013.02.25"]
[SourceQuality "1"]

1. e4 c5 2. Nf3 d6 3. d4 cxd4 4. Nxd4 Nf6 5. Nc3 Nc6 6. Bc4 Qb6 7. Nxc6 bxc6 8. 0-0 g6 9. Qe1 Bg7 10. e5 dxe5 11. Qxe5 Qb8 12. Qxb8 Rxb8 13. Bb3 Bf5 14. Re1 e6 15. Bf4 Rb7 16. Bd6 Nd5 17. Nxd5 cxd5 18. Bxd5 Rb6 19. Bc5 Rxb2 20. Rad1 Kd7 21. Bb3+ Kc7 22. Ba3 Rc8 23. Bxb2 Bxb2 24. h3 g5 25. g4 Bg6 26. Ba4 Rd8 27. Rxd8 Kxd8 28. Rd1+ Kc7 29. Be8 1-0

[Event "Drents op"]
[Site "Assen"]
[Date "2012.12.01"]
[Round "2"]
[White "Van Willigen, Sjoerd"]
[Black "Van Assendelft, Floris"]
[Result "0-1"]
[WhiteElo "1842"]
[BlackElo "2383"]
[PlyCount "42"]
[EventDate "2012.11.30"]
[EventType "swiss"]
[EventRounds "6"]
[EventCountry "NED"]
[SourceTitle "EXT 2015"]
[Source "ChessBase"]
[SourceDate "2014.11.20"]
[SourceVersion "1"]
[SourceVersionDate "2014.11.20"]
[SourceQuality "1"]

1. d4 Nf6 2. c4 g6 3. Nc3 Bg7 4. e4 0-0 5. f3 c6 6. Be3 d5 7. Bd3 dxe4 8. Nxe4 Nxe4 9. Bxe4 f5 10. Bc2 e5 11. dxe5 Qa5+ 12. Kf2 Qxe5 13. Rb1 f4 14. Bd2 Be6 15. Ne2 Qc5+ 16. Kf1 Na6 17. b4 Qe7 18. a3 Rad8 19. Be4 Bxc4 20. Qc1 b5 21. Bxf4 g5 0-1

[Event "Vlissingen HZ op 16th"]
[Site "Vlissingen"]
[Date "2012.08.11"]
[Round "9"]
[White "Thesing, Matthias"]
[Black "Van Assendelft, Floris"]
[Result "0-1"]
[WhiteElo "2412"]
[BlackElo "2383"]
[PlyCount "52"]
[EventDate "2012.08.04"]
[EventType "swiss"]
[EventRounds "9"]
[EventCountry "NED"]
[SourceTitle "CBM 149 Extra"]
[Source "ChessBase"]
[SourceDate "2012.08.24"]
[SourceVersion "1"]
[SourceVersionDate "2012.08.24"]
[SourceQuality "1"]

1. Nf3 c5 2. c4 Nf6 3. Nc3 g6 4. e3 Bg7 5. d4 cxd4 6. exd4 d5 7. cxd5 Nxd5 8. Bc4 Nxc3 9. bxc3 Qc7 10. Qb3 0-0 11. Ba3 Nc6 12. Ng5 Ne5 13. Be2 h6 14. Ne4 Be6 15. d5 Bf5 16. f3 Nxf3+ 17. Bxf3 Bxe4 18. Bxe4 Bxc3+ 19. Kf2 Qf4+ 20. Bf3 Bd4+ 21. Ke2 Qe5+ 22. Kd2 Bxa1 23. Rxa1 Qxa1 24. Bb2 Qg1 25. Qc3 Qf2+ 26. Kd3 f6 0-1

[Event "Vlissingen HZ op 16th"]
[Site "Vlissingen"]
[Date "2012.08.05"]
[Round "3"]
[White "Ganguly, Surya Shekhar"]
[Black "Van Assendelft, Floris"]
[Result "1-0"]
[WhiteElo "2629"]
[BlackElo "2383"]
[PlyCount "55"]
[EventDate "2012.08.04"]
[EventType "swiss"]
[EventRounds "9"]
[EventCountry "NED"]
[SourceTitle "CBM 149 Extra"]
[Source "ChessBase"]
[SourceDate "2012.08.24"]
[SourceVersion "1"]
[SourceVersionDate "2012.08.24"]
[SourceQuality "1"]

1. e4 c5 2. Nf3 d6 3. d4 cxd4 4. Nxd4 Nf6 5. Nc3 a6 6. Be2 e6 7. 0-0 Be7 8. f4 Nc6 9. Be3 0-0 10. a4 Bd7 11. Nb3 b6 12. Bf3 Qc7 13. g4 Bc8 14. g5 Nd7 15. Bg2 Re8 16. Rf3 Rb8 17. Rh3 g6 18. Qe1 Nb4 19. Qf2 Bb7 20. Rf1 Nc5 21. f5 exf5 22. exf5 Bd8 23. Qh4 h5 24. Qxb4 Bxg2 25. Kxg2 b5 26. fxg6 fxg6 27. Nxc5 Qc6+ 28. N5e4 1-0